| 000 | 00780nam a2200205Ia 4500 | ||
|---|---|---|---|
| 005 | 20260121110027.0 | ||
| 008 | 008 260114s9999 xx 000 0 hin d | ||
| 020 | _a9788132358800 | ||
| 037 | _aEBOOK | ||
| 040 |
_aCRL _bhin _cCRL |
||
| 041 |
_ahin _2hin |
||
| 084 | _qCRL | ||
| 100 |
_aरमेश शर्मा / Ramesh Sharma _9941153 |
||
| 245 | 0 | _aमेमोलॉजी: कार्यिकी, जैव रासायनिकी एवं परिवर्धान जैविकी / Memology: Karyiki, Jaiv Rasayaniki aur Parivardhan Jaivikii | |
| 260 |
_bभाषा प्रकाशन / Bhasha Prakashan _c2021 |
||
| 856 | _uhttps://bhashaprakashan.com/product-details/382395 | ||
| 942 | _cEBOOK | ||
| 999 |
_c1532818 _d1532818 |
||